[Event "CZE-chT2B 1920"]
[Site "Czech Republic"]
[Date "2019.11.03"]
[Round "2.5"]
[White "Reitingerova, Iveta"]
[Black "Gallik, Miroslav"]
[Result "0-1"]
[WhiteElo "2044"]
[BlackElo "2034"]
[PlyCount "68"]
[EventDate "2019.10.13"]
[EventType "team-tourn"]
[EventRounds "11"]
[EventCountry "CZE"]
[SourceTitle "EXT 2024"]
[Source "ChessBase"]
[SourceDate "2023.10.10"]
[SourceVersion "1"]
[SourceVersionDate "2023.10.10"]
[SourceQuality "1"]
[WhiteTeam "Litomerice"]
[BlackTeam "Teplice"]
[WhiteTeamCountry "CZE"]
[BlackTeamCountry "CZE"]

1. e4 e5 2. Bc4 Bc5 3. Nf3 Nc6 4. c3 Nf6 5. Qe2 d6 6. Bb3 Bg4 7. d3 Qe7 8. Nbd2 Bb6 9. Nc4 Bc5 10. Ne3 Bd7 11. h3 g6 12. Ng5 Nd8 13. Nd5 Nxd5 14. exd5 h6 15. Ne4 Bb6 16. g4 f5 17. Ng3 Nf7 18. gxf5 gxf5 19. Bd2 0-0-0 20. 0-0-0 Rhg8 21. d4 Qh4 22. Bc2 f4 23. Qh5 Qxh5 24. Nxh5 Rg2 25. Nf6 Rf8 26. Nxd7 Kxd7 27. Rhg1 Rfg8 28. Rxg2 Rxg2 29. Bf5+ Ke7 30. dxe5 dxe5 31. f3 Nd6 32. Bg4 Nc4 33. b3 Nxd2 34. Rxd2 Be3 0-1

[Event "CZE-chT2B 1920"]
[Site "Czech Republic"]
[Date "2019.10.13"]
[Round "1.6"]
[White "Kupsovsky, Vaclav"]
[Black "Gallik, Miroslav"]
[Result "1/2-1/2"]
[WhiteElo "1987"]
[BlackElo "2034"]
[PlyCount "75"]
[EventDate "2019.10.13"]
[EventType "team-tourn"]
[EventRounds "11"]
[EventCountry "CZE"]
[SourceTitle "EXT 2024"]
[Source "ChessBase"]
[SourceDate "2023.10.10"]
[SourceVersion "1"]
[SourceVersionDate "2023.10.10"]
[SourceQuality "1"]
[WhiteTeam "Usti nad Labem"]
[BlackTeam "Teplice"]
[WhiteTeamCountry "CZE"]
[BlackTeamCountry "CZE"]

1. e4 e5 2. Nf3 Nc6 3. Bb5 a6 4. Ba4 Nf6 5. d3 b5 6. Bb3 Be7 7. c3 d6 8. Nbd2 Na5 9. Bc2 c5 10. 0-0 0-0 11. Re1 Nc6 12. Nf1 Re8 13. Ne3 g6 14. Qe2 Bf8 15. h3 Bg7 16. Nh2 a5 17. a4 b4 18. Nhg4 Nxg4 19. hxg4 Be6 20. Nd5 f6 21. Bb3 Ra7 22. Bc4 Rb7 23. Be3 Rb8 24. f3 Qc8 25. Kf2 Ne7 26. Nxe7+ Rxe7 27. Bxe6+ Qxe6 28. c4 Kf7 29. Rh1 Rh8 30. Bh6 Rg8 31. Bxg7 Rxg7 32. Rh6 Kg8 33. Qd2 Qc8 34. Rah1 Qc6 35. b3 Qd7 36. Ke2 f5 37. R6h4 f4 38. Kd1 1/2-1/2

[Event "IRL-chT"]
[Site "Dublin"]
[Date "2016.04.23"]
[Round "2"]
[White "Gallik, Miroslav"]
[Black "Ortega Socorro, Alberto"]
[Result "1/2-1/2"]
[WhiteElo "1953"]
[BlackElo "1936"]
[PlyCount "78"]
[EventDate "2016.04.23"]
[EventType "team-swiss"]
[EventRounds "4"]
[EventCountry "IRL"]
[SourceTitle "EXT 2023"]
[Source "ChessBase"]
[SourceDate "2022.10.05"]
[SourceVersion "1"]
[SourceVersionDate "2022.10.05"]
[SourceQuality "1"]

1. e4 d6 2. d4 g6 3. Bd3 Bg7 4. Ne2 Nf6 5. 0-0 0-0 6. c3 c5 7. Nd2 Nc6 8. f4 cxd4 9. cxd4 Bg4 10. Nf3 Rc8 11. Qb3 Qc7 12. Bd2 Nd7 13. Rac1 Qb8 14. Be3 a6 15. a4 Bxf3 16. gxf3 Rfd8 17. Kf2 e6 18. Rc2 Na5 19. Qb4 Nc6 20. Qa3 d5 21. Rfc1 Nb6 22. a5 Bf8 23. Qa1 Nb4 24. Rc3 Nxd3+ 25. Rxd3 Rxc1 26. Bxc1 Nc4 27. b3 Nd6 28. e5 Nf5 29. Ba3 Bxa3 30. Qxa3 Rc8 31. Qb2 Rc6 32. Rc3 Qc7 33. Rxc6 Qxc6 34. Qd2 Kg7 35. Ke1 Nh4 36. Kf2 Nf5 37. Ng3 Qc7 38. Nxf5+ exf5 39. Ke3 Qc6 1/2-1/2

[Event "Enniscorthy Masters"]
[Site "Enniscorthy"]
[Date "2016.01.31"]
[Round "6.2"]
[White "Gallik, Miroslav"]
[Black "Fitzsimons, David"]
[Result "0-1"]
[WhiteElo "1994"]
[BlackElo "2400"]
[PlyCount "160"]
[EventDate "2016.01.29"]
[EventType "swiss"]
[EventRounds "6"]
[EventCountry "IRL"]
[SourceTitle "EXT 2023"]
[Source "ChessBase"]
[SourceDate "2022.10.05"]
[SourceVersion "1"]
[SourceVersionDate "2022.10.05"]
[SourceQuality "1"]

1. e4 c5 2. Nf3 d6 3. d4 cxd4 4. Nxd4 Nf6 5. Nc3 a6 6. Be3 Nbd7 7. f3 e6 8. Bc4 Ne5 9. Bb3 Qc7 10. Qe2 b5 11. 0-0 Be7 12. a4 bxa4 13. Rxa4 0-0 14. Rfa1 Bb7 15. Bf2 Rfc8 16. Nb1 Nfd7 17. f4 Nc6 18. Nxc6 Bxc6 19. Rxa6 Rxa6 20. Rxa6 Nc5 21. Bxc5 dxc5 22. e5 Qd7 23. Nc3 c4 24. Ba4 Bc5+ 25. Kh1 Qd4 26. Qf1 Bb7 27. Ra5 Bb6 28. Rb5 Ba6 29. Ne2 Qe3 30. Qf3 Qxf3 31. gxf3 Bxb5 32. Bxb5 Be3 33. Kg2 Rc5 34. Ba6 f6 35. exf6 gxf6 36. Kg3 f5 37. b3 cxb3 38. cxb3 Rc6 39. Bc4 Kf7 40. Kg2 Kf6 41. Kg3 Rc7 42. Kh3 Ke7 43. Kg3 Kd6 44. Kg2 Rc6 45. Kh3 Kc5 46. Kh4 Kd6 47. Kg5 Ke7 48. Kh4 Kf6 49. Kh5 e5 50. fxe5+ Kxe5 51. Kh4 Bf4 52. Kh3 Rh6+ 53. Kg2 Rxh2+ 54. Kg1 Rh6 55. Kg2 Bd2 56. Kg1 Kd6 57. Bd3 f4 58. Kg2 Kc5 59. Bc4 Kb4 60. Kg1 Ka3 61. Kg2 Kb2 62. Bd5 Kc2 63. Nd4+ Kd1 64. Nf5 Rh5 65. Be4 Bc3 66. Nd6 Ke2 67. Bc6 Bb4 68. Nc4 Be1 69. Be4 Rb5 70. Nd6 Rxb3 71. Nf5 Rb6 72. Nd4+ Ke3 73. Nf5+ Kd2 74. Kh3 Rg6 75. Nd4 Rg3+ 76. Kh2 Ke3 77. Nf5+ Kf2 78. Nd4 Rg2+ 79. Kh3 Kg1 80. Bc6 h5 0-1

[Event "Enniscorthy Masters"]
[Site "Enniscorthy"]
[Date "2016.01.30"]
[Round "4.4"]
[White "Poisseroux, Benoit"]
[Black "Gallik, Miroslav"]
[Result "0-1"]
[WhiteElo "1802"]
[BlackElo "1994"]
[PlyCount "40"]
[EventDate "2016.01.29"]
[EventType "swiss"]
[EventRounds "6"]
[EventCountry "IRL"]
[SourceTitle "EXT 2023"]
[Source "ChessBase"]
[SourceDate "2022.10.05"]
[SourceVersion "1"]
[SourceVersionDate "2022.10.05"]
[SourceQuality "1"]

1. d4 Nf6 2. Bg5 e6 3. Nd2 h6 4. Bxf6 Qxf6 5. Ngf3 c5 6. e3 d5 7. c3 Nc6 8. Bd3 Bd6 9. dxc5 Bxc5 10. Nb3 Bb6 11. Bb5 0-0 12. Nbd4 e5 13. Nxc6 bxc6 14. Ba4 Ba6 15. Qd2 d4 16. exd4 exd4 17. 0-0-0 dxc3 18. Qxc3 Qf4+ 19. Kb1 Qxa4 20. Rhe1 Ba5 0-1

[Event "Gonzaga Masters"]
[Site "Dublin"]
[Date "2014.01.26"]
[Round "6"]
[White "Gallik, Miroslav"]
[Black "Aoustin, Arnaud"]
[Result "1-0"]
[WhiteElo "2021"]
[BlackElo "2132"]
[PlyCount "145"]
[EventDate "2014.01.24"]
[EventType "swiss"]
[EventRounds "6"]
[EventCountry "IRL"]
[SourceTitle "EXT 2023"]
[Source "ChessBase"]
[SourceDate "2022.10.05"]
[SourceVersion "1"]
[SourceVersionDate "2022.10.05"]
[SourceQuality "1"]

1. e4 g6 2. d4 Bg7 3. c3 d6 4. Nf3 Nf6 5. Bd3 0-0 6. 0-0 Nc6 7. Re1 e5 8. d5 Ne7 9. c4 Ne8 10. Be3 f5 11. Nc3 Nf6 12. b4 fxe4 13. Nxe4 Nh5 14. Rb1 Nf4 15. Bxf4 Rxf4 16. Nfd2 a5 17. a3 axb4 18. axb4 Ra3 19. Rb3 Ra8 20. Rb1 Bd7 21. Ra1 b6 22. Rxa8 Qxa8 23. Qa1 Rf8 24. Qb2 Qb7 25. Ra1 Ra8 26. Ra3 h6 27. Qa2 Rxa3 28. Qxa3 Kh7 29. b5 Nf5 30. Nf3 Kg8 31. Nc3 Bf8 32. Na2 Kf7 33. Nb4 Be7 34. Nd2 Kg7 35. Ne4 Nd4 36. Nc6 Bxc6 37. dxc6 Qc8 38. h3 g5 39. Qa7 Ne6 40. Nc3 Nf4 41. Bf1 Bf8 42. Kh2 g4 43. h4 g3+ 44. fxg3 Qg4 45. Qa1 Ne6 46. Be2 Qd4 47. Qe1 Qe3 48. Nd5 Qe4 49. Qf2 Nd4 50. Bh5 Qf5 51. Qxf5 Nxf5 52. Bg4 Nd4 53. Kh3 Kg6 54. Bd7 Kg7 55. g4 Kg6 56. g3 Kg7 57. Kg2 Kg6 58. Ne3 Kf6 59. Nf5 Kg6 60. Nxd4 exd4 61. Kf3 Be7 62. Ke4 Bf6 63. Bf5+ Kf7 64. Kf3 h5 65. Be4 hxg4+ 66. Kxg4 Kg7 67. Kf3 Kh6 68. Kg4 Be5 69. h5 Bg7 70. Bg6 Bf6 71. Kf5 Bg7 72. g4 d3 73. g5# 1-0